Journal of the American statistical association

Guardado en:
Detalles Bibliográficos
Formato: Seriadas
Lenguaje:inglés
Publicado: Washington American Statistical Association 1986
Etiquetas: Agregar Etiqueta
Sin Etiquetas, Sea el primero en etiquetar este registro!

MARC

LEADER 00000nas2a2200000 4500
001 s031225
005 20250730114141.7
041 0 |a eng 
044 |a US 
245 1 0 |a Journal of the American statistical association 
264 1 |a Washington  |b American Statistical Association  |c 1986 
300 |a 1 zv. 
773 0 |w eu_un_cat*s120104